Smallest Countries - One Minute Sprint - Statistics

General Stats
  • This quiz has been taken 40 times
  • The average score is 14 of 24
Answer Stats
country % Correct
Vatican City
94%
Monaco
82%
Andorra
79%
Liechtenstein
79%
Nauru
76%
Saint Kitts and Nevis
73%
Palau
67%
Saint Lucia
67%
Tuvalu
67%
San Marino
64%
Kiribati
61%
Grenada
58%
Malta
55%
Saint Vincent and the Grenadines
55%
Singapore
48%
Tonga
48%
Samoa
45%
Barbados
42%
Micronesia
42%
Dominica
39%
Antigua and Barbuda
33%
Seychelles
33%
Marshall Islands
30%
Maldives
27%
No matching quizzes found
Score Distribution
Percent of People with Each Score
Percentile by Number Answered
Your Score History
You have not taken this quiz